000 00639nam a2200205Ia 4500
003 GCL
008 140319s9999 xx 000 0 ara d
040 _aGCL /
_cGCL
082 0 4 _a811.9
_bق د
100 1 _aابوالقاسم الشابى
245 1 0 _aديوان ابو القاسم الشابى /
_cابوالقاسم الشابى
260 _a[S.N] :
_bدار العودة للصحافة والطباعه ،
_c1988
300 _a575 ص
490 _a
650 0 4 _aالشعر العربى
650 0 4 _aالادب العربى
650 0 4 _aالعصر الحديث
650 0 4 _aدواوين وقصائد
942 _2ddc
_cBK
999 _c34582
_d34582